| 000 | 00682nam a2200193 i 4500 | ||
|---|---|---|---|
| 001 | 186824 | ||
| 003 | SpMaBN | ||
| 005 | 20250824055550.0 | ||
| 008 | 170220s1969 sp |||| |dspa d | ||
| 080 | _a821.134.2-23"19" | ||
| 100 | 1 |
_aAlonso Millán, Juan José. _920361 |
|
| 245 | 1 | 3 |
_aEl alma se serena _b: comedia de humor en un prólogo, dos actos... y un epílogo / _coriginal de Juan José Alonso Millán. |
| 260 |
_a[Madrid] : _bEscelicer, _c[1969] |
||
| 300 |
_a88 p. ; _c16 cm. |
||
| 490 | 1 |
_aColección teatro ; _v614 |
|
| 830 | 0 | 0 |
_aColección teatro (Escelicer) _v614 _9183149 |
| 852 |
_aES-MaACL _j2335-F-3 _z. - Donat. Carmen Zumárraga |
||
| 999 |
_c186824 _d186824 |
||